Statistiques concernant Quiz sur le Loiret

Cliquez ici pour prendre le quiz!

Statistiques générales

  • Ce quiz a été pris 2 317 fois
  • Le résultat moyen est 8 sur 14

Statistiques - réponses

QuestionRéponse% Correct
Préfecture et plus grande villeOrléans
97%
Région à laquelle il appartientCentre-Val de Loire
96%
Personnage historique surnommée « La pucelle » de cette villeJeanne d'Arc
96%
Numéro du département45
93%
Le Loiret abrite la plus grande ___ domaniale de France métropolitaineForêt
73%
La province qui était autrefois centrée autour de cette ville a été
divisée en trois à la création des départements : Loiret, __ et __
Loir-et-Cher
67%
Sous-préfecture et deuxième plus grande ville du départementMontargis
53%
Roi qui fut sacré dans la cathédrale de la préfecture en 987,
instaurant une dynastie qui perdurera pendant huit siècles
Hugues Capet
51%
La province qui était autrefois centrée autour de la préfecture a été
divisée en trois à la création des départements : Loiret, __ et __
Eure-et-Loir
43%
Ancien dirigeant de la Chine qui a notamment vécu dans cette ville
(en faisant l'une des villes françaises les plus connues en Chine)
{Deng} Xiaoping
40%
Ancienne sous-préfecture en G qui abrite un château de la LoireGien
33%
Sous-préfecture située en Beauce et bordée par l'ŒufPithiviers
33%
Ministre de l'Éducation et des Beaux-Arts sous le Front Populaire,
créateur du CNRS et du festival de Cannes, qui repose au Panthéon
Jean {Zay}
19%
La cathédrale de cette ville n'est pas dédié à un(e) saint(e) mais à...La Sainte-Croix
17%

Distribution des résultats

Percentile par nombre de réponses

% des personnes avec chaque résultat

Votre développement - résultats

Vous n’avez pas pris ce quiz